MARC details
| 000 -CABECERA |
| campo de control de longitud fija |
03168nam a2200349 i 4500 |
| 001 - NÚMERO DE CONTROL |
| campo de control |
000000261 |
| 003 - IDENTIFICADOR DEL NÚMERO DE CONTROL |
| campo de control |
DO-SdBNP |
| 005 - FECHA Y HORA DE LA ÚLTIMA TRANSACCIÓN |
| campo de control |
20260218091443.0 |
| 007 - CAMPO FIJO DE DESCRIPCIÓN FÍSICA--INFORMACIÓN GENERAL |
| campo de control de longitud fija |
ta |
| 008 - DATOS DE LONGITUD FIJA--INFORMACIÓN GENERAL |
| campo de control de longitud fija |
081112s2007 dr 001 0 spa d |
| 040 ## - FUENTE DE LA CATALOGACIÓN |
| Centro catalogador/agencia de origen |
DO-SdBNP |
| Lengua de catalogación |
spa |
| Centro/agencia transcriptor |
BNPHU |
| Normas de descripción |
rda |
| 041 ## - CÓDIGO DE LENGUA |
| Código de lengua del texto/banda sonora o título independiente |
spa |
| 082 #4 - NÚMERO DE LA CLASIFICACIÓN DECIMAL DEWEY |
| Número de clasificación |
RD864.5 |
| Número de documento/Ítem |
A473g |
| Número de edición |
22 |
| 100 1# - ENTRADA PRINCIPAL--NOMBRE DE PERSONA |
| Nombre de persona |
Álvarez Eve, Franklin, |
| Fechas asociadas al nombre |
1960- |
| Término indicativo de función/relación |
autor |
| Código de función/relación |
aut. |
| 9 (RLIN) |
850 |
| 245 10 - MENCIÓN DE TÍTULO |
| Título |
Galería de personajes populares puertoplateños / |
| Mención de responsabilidad, etc. |
Franklin Álvarez Eve. |
| 264 #4 - PRODUCCIÓN, PUBLICACIÓN, DISTRIBUCIÓN, FABRICACIÓN Y COPYRIGHT |
| Producción, publicación, distribución, fabricación y copyright |
Santo Domingo, República Dominicana : |
| Nombre del de productor, editor, distribuidor, fabricante |
Ediciones Renovación, |
| Fecha de producción, publicación, distribución, fabricación o copyright |
©2007. |
| 300 ## - DESCRIPCIÓN FÍSICA |
| Extensión |
317 páginas ; |
| Dimensiones |
22 cm. |
| 336 ## - TIPO DE CONTENIDO |
| Término de tipo de contenido |
texto |
| Código de tipo de contenido |
txt |
| Fuente |
rdacontent |
| 337 ## - TIPO DE MEDIO |
| Nombre/término del tipo de medio |
sin mediación |
| Código del tipo de medio |
n |
| Fuente |
rdamedia |
| 338 ## - TIPO DE SOPORTE |
| Nombre/término del tipo de soporte |
volumen |
| Código del tipo de soporte |
nc |
| Fuente |
rdamedia |
| 500 ## - NOTA GENERAL |
| Nota general |
Incluye datos biográficos del autor en la página 13 |
| 500 ## - NOTA GENERAL |
| Nota general |
Incluye referencias bibliográficas y notas al pie de las páginas |
| 504 ## - NOTA DE BIBLIOGRAFÍA, ETC. |
| Nota de bibliografía, etc. |
Bibliografía : páginas 315-317. |
| 505 0# - NOTA DE CONTENIDO CON FORMATO |
| Nota de contenido con formato |
El compromiso de Brugal & Co. para elevar el nivel cultural de los dominicanos -- |
| Título |
Presentación -- |
| -- |
Veredicto del jurado -- |
| -- |
Quién es Franklin Álvarez Eve -- |
| -- |
Introducción -- |
| -- |
Tidá: la bruja del barrio -- |
| -- |
Tres líneas para hueso -- |
| -- |
Venturas y desventuras de Tatá la bizca -- |
| -- |
¡Arriba Pililo! -- |
| -- |
A don Paquito, en donde esté -- |
| -- |
Alito, o la pasión por las noticias -- |
| -- |
Batería: profesor e intérprete de sueños -- |
| -- |
Brevísima biografía de Nano el loco -- |
| -- |
Crispín López -- |
| -- |
Más sobre Pirín López -- |
| -- |
Brulet Portoreal: el gramático -- |
| -- |
Cali Gilbert: entre la ebanistería y el crucigrama -- |
| -- |
Chiquiro: un carpintero superticioso (i) -- |
| -- |
Chiquiro: un carpintero supersticioso (ii) -- |
| -- |
Danilo Mesa: el aristócrata -- |
| -- |
Los Mathieu -- |
| -- |
Don Pablo Clase: el evangélico -- |
| -- |
Fello el pescador -- |
| -- |
Fello Ojo Clavao -- |
| -- |
Francisco Papaterra -- |
| -- |
Hito -- |
| -- |
Harry Gilbert: genio y figura -- |
| -- |
Happy birthday, Harry Gilbert -- |
| -- |
Hugo González o la infaliblidad de la miel de abeja -- |
| -- |
Javier Silva: el invencible -- |
| -- |
José Pericles -- |
| -- |
La importancia de llamarse José Ponce -- |
| -- |
Juanito el limpiabotas -- |
| -- |
La carreta y el caballo: una excéntrica história de amor -- |
| -- |
La chulamía -- |
| -- |
La coronela -- |
| -- |
La loca del malecón -- |
| -- |
la lalofobia o el complejo de pata´ e palo -- |
| -- |
Chamón y la tertulia de la esquina del parque -- |
| -- |
Los buenos tiempos de Jimmy Candela -- |
| -- |
Negro: vendedor ambulante y hermeneuta -- |
| -- |
Papito Jiménez: el último de los grandes comparseros -- |
| -- |
James Bond: del baloncesto a la pintura de brocha gorda -- |
| -- |
Peligro -- |
| -- |
Sencillamente Jobito -- |
| -- |
Pikin: el bromista -- |
| -- |
Pirín el loco -- |
| -- |
Un día en la vida de Miguel, el platanero -- |
| -- |
El chulo, o la otra historia de Pantagruel -- |
| -- |
Dorita y la tertulia de los zapateros -- |
| -- |
Papito, el del parque -- |
| -- |
Polo boca´e fleco y su chiva -- |
| -- |
Mimo, el violinista ciego -- |
| -- |
Pepe el dilecto -- |
| 505 0# - NOTA DE CONTENIDO CON FORMATO |
| Título |
Documento -- |
| -- |
A modo de conclusión -- |
| -- |
Bibliografía. |
| 586 ## - NOTA DE PREMIOS |
| Nota de premios |
Premio Nacional de Ensayo "Rufino Martínez", categoría adulto, 2006. Concurso Literario "Por nuestro país primero", |
| 590 ## - NOTA LOCAL (RLIN) |
| Nota local |
Inventarido, 2020/LP |
| 650 #4 - PUNTO DE ACCESO ADICIONAL DE MATERIA--TÉRMINO DE MATERIA |
| Término de materia o nombre geográfico como elemento de entrada |
Ensayos dominicanos |
| 9 (RLIN) |
65 |
| 650 #4 - PUNTO DE ACCESO ADICIONAL DE MATERIA--TÉRMINO DE MATERIA |
| Término de materia o nombre geográfico como elemento de entrada |
Literatura dominicana. |
| 9 (RLIN) |
67 |
| 910 ## - DATOS DE OPCIÓN DEL USUARIO (OCLC) |
| Datos de opción del usuario |
Validado. Control de calidad MFF |
| 942 ## - ELEMENTOS DE PUNTO DE ACCESO ADICIONAL (KOHA) |
| Fuente del sistema de clasificación o colocación |
Dewey Decimal Classification |
| Tipo de ítem Koha |
Libro |